00341nam a22001097a 4500020001800000040000900018082001200027100002100039245006500060260004100125650006500166 a9780486661100 cNUST a532 ARI aAris, Rutherford aVectors, Tensors, and the Basic Equations of Fluid Mechanics aNew York:bDover Publication,c1989. aVectors, Tensors, and the Basic Equations of Fluid Mechanics